| 000 | 00705nam a2200145Ia 4500 | ||
|---|---|---|---|
| 008 | 100204s9999 xx 000 0 und d | ||
| 082 | _b8238 | ||
| 100 | _aपरेरा स्टिफन इग्नेशस | ||
| 245 | _aशांतीदूत परमगुरुस्वामी दुसरे जॉन पॉल | ||
| 260 |
_bबॅसीन कॅथॉलिक को- ऑप. बँक लि. वसई _c1985 |
||
| 300 | _a56 | ||
| 630 | _aशांतीदूत परमगुरुस्वामी दुसरे जॉन पॉल | ||
| 730 | _aशांतीदूत परमगुरुस्वामी दुसरे जॉन पॉल | ||
| 942 | _cBOOK | ||
| 999 |
_c452674 _d452671 |
||